Central Library OPAC University of Rajshahi

Mind, self, and society : (Record no. 33343)

MARC details
000 -LEADER
fixed length control field 01271nam a2200337 4500
001 - CONTROL NUMBER
control field 33343
003 - CONTROL NUMBER IDENTIFIER
rucl marc code BD-RjUL
005 - DATE AND TIME OF LATEST TRANSACTION
control field 20211209052006.0
008 - FIXED-LENGTH DATA ELEMENTS--GENERAL INFORMATION
fixed length control field 140507s19631934ilu b 001 0 eng d
035 ## - SYSTEM CONTROL NUMBER
System control number (OCoLC)01934413
System control number (BD-RjUL)33434
040 ## - CATALOGING SOURCE
Original cataloging agency LC
Language of cataloging eng
Transcribing agency PCoR
Modifying agency m.c.
-- CStRLIN
-- BD-RjUL
041 ## - LANGUAGE CODE
Language code of text/sound track or separate title eng
082 04 - DEWEY DECIMAL CLASSIFICATION NUMBER
Edition number 21
Classification number 302
Author mark and year MEM 1963
100 1# - MAIN ENTRY--PERSONAL NAME
Personal name Mead, George Herbert,
Dates associated with a name 1863-1931.
9 (RLIN) 101213
245 10 - TITLE STATEMENT
Title Mind, self, and society :
Remainder of title from the standpoint of a social behaviorist /
Statement of responsibility, etc. George H. Mead ; edited and with an introduction by Charles W. Morris.
246 3# - VARYING FORM OF TITLE
Title proper/short title Mind, self, & society.
260 ## - PUBLICATION, DISTRIBUTION, ETC. (IMPRINT)
Place of publication, distribution, etc. Chicago ;
-- London :
Name of publisher, distributor, etc. University of Chicago Press,
Date of publication, distribution, etc. c1934 [impression 1963].
300 ## - PHYSICAL DESCRIPTION
Pagination xxxviii, 401 p. ;
Size 21 cm.
490 1# - SERIES STATEMENT
Series statement Works of George Herbert Mead ;
Volume/sequential designation v. 1
500 ## - GENERAL NOTE
General note Title on cover: Mind, self, & society.
General note "Bibliography of the writings of George H. Mead": p. 390-392 and index.
650 #0 - SUBJECT ADDED ENTRY--TOPICAL TERM
Topical term or geographic name as entry element Social psychology.
9 (RLIN) 101214
Topical term or geographic name as entry element Behaviorism (Psychology).
9 (RLIN) 88639
Topical term or geographic name as entry element Self.
9 (RLIN) 101215
Topical term or geographic name as entry element Experience.
9 (RLIN) 101216
Topical term or geographic name as entry element Language and languages.
9 (RLIN) 101217
700 1# - ADDED ENTRY--PERSONAL NAME
Personal name Morris, Charles W.
Fuller form of name (Charles William),
Dates associated with a name 1903-1979.
942 ## - ADDED ENTRY ELEMENTS (KOHA)
Source of classification or shelving scheme Dewey Decimal Classification
Koha item type Books
Holdings
Lost status Source of classification or shelving scheme Damaged status Not for loan Collection code Permanent Location Current Location Shelving location Date acquired Source of acquisition Cost, normal purchase price Total Checkouts Full call number Date last seen Copy number Koha item type
  Dewey Decimal Classification   Not For Loan Non-fiction Central Library, University of Rajshahi Central Library, University of Rajshahi Reading Room 06/10/1965 Zeitlinger 56.00   302 MEM 1963 07/05/2014 C-1 Books